The Ultimate Word Scramble - Countries - Statistics

General Stats
  • This quiz has been taken 885 times
    880 since last reset
  • The average score is 15 of 22
Answer Stats
Hint Answer % Correct
yibla L Libya
100%
pure P Peru
99%
hbnatu B Bhutan
95%
lmsayaai M Malaysia
94%
aaabsmh B Bahamas
87%
S Sudan
79%
dachdusan C Chad
78%
toiolgyta I Italy
77%
T Togo
77%
O Oman
76%
aafiioojmasnm F Fiji
74%
awiottuphekaii E Ethiopia
68%
J Jamaica
68%
K Kuwait
65%
S Samoa
60%
J Japan
58%
inkppmandaakytiinajanaealis I India
55%
nhiaaabajaranciacmad B Bahrain
50%
K Kenya
50%
C Canada
48%
P Pakistan
38%
M Mali
36%
No matching quizzes found
Score Distribution
Percent of People with Each Score
Percentile by Number Answered
Your Score History
You have not taken this quiz since the last reset